• 首页
  • 本馆介绍
  • 公告通知
  • 最新文献
  • 馆藏检索
  • 电子资源
  • 读者导购
  • 参考咨询
  • 我的图书馆
  • 登录
  • 详细信息显示
  • 放入我的书架
  • 预约/预借图书
  • 作者相关作品
  • 分类相关作品
  • 丛书相关作品
  • 出版社相关作品

书目信息

  • 表格格式
  • 工作单格式
  • 卡片格式
题名:
历史研究的理论与方法
    
 
作者: ;红旗杂志社 编
分册:  
出版信息: 北京   红旗出版社  1983.9
页数: 432页
开本: 20cm
丛书名:
单 册:
中图分类: K061 , K06
科图分类:
主题词: 历史--研究方法
电子资源:
ISBN:
000 00567nam0 2200205 45
001 0312221749
005 20080927150755.07
010    @dCNY1.15
100    @a20031222d1983 km y0chiy0120 ea
101    @achi
105    @a z 000yy
200 1  @a历史研究的理论与方法@ALi Shi Yan Jiu De Li Lun Yu Fang Fa@f红旗杂志社编@FHong Qi Za Zhi She Bian
210    @a北京@c红旗出版社@d1983.9
215    @a432页@d20cm
606 0  @a历史@x研究方法
690    @aK061@v3
690    @aK06@v4
711 02 @a红旗杂志社@4编
801    @aCN@bTSTCL@c20080927
905    @dK06@e6@b171713@f1
    
    历史研究的理论与方法/红旗杂志社编.-北京:红旗出版社,1983.9
    432页;20cm
    
    
    ISBN :CNY1.15
    
●
相关链接 在E读中查询图书 在五车中查询图书 在当当中查询图书 在豆瓣中查询图书


正题名:历史研究的理论与方法     索取号:K06/6         预约/预借

序号 登录号 条形码 馆藏地/架位号 状态 备注
1 0171712   001418415   密集书库/ [索取号:K06/6] 在馆    
2 0171713   002033999   密集书库/ [索取号:K06/6] 在馆    
3 0171714   001418424   密集书库/ [索取号:K06/6] 在馆    
唐山师范学院图书馆 欢迎您!
大连网信软件有限公司© 版权所有